000 00726nam a2200253Ia 4500
003 OSt
005 20260417173221.0
006 a|||||r|||| 00| 0
007 ta
008 220926b |||||||| |||| 00| 0 eng d
024 _a1554
037 _cTheses
040 _aCRL
_cCRL
_beng
041 _2eng
_aeng
100 _aGhormade Vijay N
_9543595
110 _aUniversity of Delhi. Department of Law
_9543596
245 0 _aInternational administrative law and legal control of recording
260 _aDelhi
_bUniversity of Delhi
_c1988
300 _a444
_ap.
_ccm.
650 _aLAW
700 _aUniversity of Delhi. Department of Law
_9543597
942 _cTH
_2CC
999 _c881120
_d881120